MARC details
| 000 -LÍDER |
| campo de controle de tamanho fixo |
02143nam a2200301 4500 |
| 001 - NÚMERO DE CONTROLE |
| campo de controle |
184 |
| 003 - IDENTIFICADOR DO NÚMERO DE CONTROLE |
| campo de controle |
OSt |
| 005 - DATA E HORÁRIO DA ÚLTIMA TRANSAÇÃO |
| campo de controle |
20250328094816.0 |
| 008 - CAMPO DE DADOS FIXOS--INFORMAÇÃO GERAL |
| campo de controle de tamanho fixo |
250131b |||||||e |||| 00| 0 eng d |
| 040 ## - FONTE DA CATALOGAÇÃO |
| Idioma da catalogação |
por |
| 041 ## - CÓDIGO DE IDIOMA |
| Código do idioma do original e/ou traduções intermediárias do texto |
ger |
| Código do idioma do texto/trilha sonora ou título diferente |
por |
| 082 ## - CDD - CLASSIFICAÇÃO DECIMAL DE DEWEY |
| Número de Classificação |
398.23 |
| Número do exemplar |
D186e |
| 100 ## - ENTRADA PRINCIPAL--NOME PESSOAL |
| Nome pessoal |
Däniken, Erich Von |
| Datas associadas ao nome |
1935- |
| 9 (RLIN) |
342 |
| 240 ## - TÍTULO UNIFORME |
| Título uniforme |
Erinnerungen an die zukunft |
| 245 ## - TÍTULO |
| Título |
Eram os deuses astronautas? / |
| Indicação de responsabilidade, etc. |
Däniken, Erich Von ; Tradução de E. G. Kalmus |
| 260 ## - PUBLICAÇÃO, DISTRIBUIÇÃO, ETC. |
| Local de publicação, distribuição, etc. |
São Paulo |
| Nome do editor, distribuidor, etc. |
Melhoramentos |
| Data da publicação, distribuição, etc. |
1994 |
| 300 ## - DESCRIÇÃO FÍSICA |
| Extensão |
181 p. |
| 520 ## - NOTA DE RESUMO, ETC. |
| Resumo, etc. |
Chariots of the Gods, de Erich von Daniken, é uma obra de importância monumental — o primeiro livro a introduzir a chocante teoria de que a Terra antiga havia sido visitada por alienígenas. Este best-seller mundialmente famoso resistiu ao teste do tempo, inspirando inúmeros livros e filmes, incluindo a popular sequência do próprio autor, The Eyes of the Sphinx . Mas foi aqui que tudo começou — as teorias surpreendentes de von Daniken sobre nossos primeiros encontros com mundos alienígenas, baseadas em seus estudos ao longo da vida sobre ruínas antigas, cidades perdidas, potenciais portos espaciais e uma miríade de fatos científicos concretos que apontam para a intervenção extraterrestre na história humana. O mais incrível de tudo, no entanto, é a teoria de von Daniken de que nós mesmos somos descendentes desses pioneiros galácticos — e as descobertas arqueológicas que provam isso... * Um astronauta alienígena preservado em uma pirâmide<br/>* Cartas de navegação de voos espaciais de mil anos<br/>* Astronomia computacional de ruínas incas e egípcias<br/>* Um mapa da terra abaixo da calota de gelo da Antártida<br/>* Um espaçoporto gigante descoberto nos Andes<br/>Inclui fotos notáveis que documentam o primeiro contato da humanidade com alienígenas no início da civilização. |
| 650 #0 - ASSUNTO--TERMO TÓPICO |
| Cabeçalho tópico ou nome geográfico |
Literatura Suiça |
| 9 (RLIN) |
343 |
| 650 #0 - ASSUNTO--TERMO TÓPICO |
| Cabeçalho tópico ou nome geográfico |
Mitologia |
| 9 (RLIN) |
128 |
| 650 #0 - ASSUNTO--TERMO TÓPICO |
| Cabeçalho tópico ou nome geográfico |
Religião |
| 9 (RLIN) |
100 |
| 650 #0 - ASSUNTO--TERMO TÓPICO |
| Cabeçalho tópico ou nome geográfico |
Filosofia |
| 9 (RLIN) |
4 |
| 650 #0 - ASSUNTO--TERMO TÓPICO |
| Cabeçalho tópico ou nome geográfico |
Ficção Científica |
| 9 (RLIN) |
63 |
| 655 #0 - TERMO DE ÍNDICE--GÊNERO E FORMA |
| Gênero/forma/ou termo foco |
Romance |
| 655 #0 - TERMO DE ÍNDICE--GÊNERO E FORMA |
| Gênero/forma/ou termo foco |
Não Ficção |
| 700 ## - ENTRADA ADICIONADA - NOME PESSOAL |
| Nome pessoal |
E. G. Kalmus |
| Função do autor por extenso |
Tradutor |
| 9 (RLIN) |
344 |
| 942 ## - ELEMENTOS DE ENTRADA ADICIONADOS (KOHA) |
| Fonte de classificação ou esquema de arquivamento |
Classificação decimal de Dewey |
| Ocultar no OPAC |
Não |
| Tipo de material Koha |
Livros |